Eastern Utah Libraries Catalog: Duchesne, Heber, Roosevelt, & Vernal

Chocolat (Record no. 14539)

MARC details
000 -LEADER
fixed length control field 03399cgm a2200745 a 4500
001 - CONTROL NUMBER
control field 47788520
003 - CONTROL NUMBER IDENTIFIER
control field XX-XxUND
005 - DATE AND TIME OF LATEST TRANSACTION
control field 20251002124231.0
007 - PHYSICAL DESCRIPTION FIXED FIELD--GENERAL INFORMATION
fixed length control field vd cgaizu
008 - FIXED-LENGTH DATA ELEMENTS--GENERAL INFORMATION
fixed length control field 010815p20012000xxu122 vleng d
020 ## - INTERNATIONAL STANDARD BOOK NUMBER
International Standard Book Number 0788827006
024 1# - OTHER STANDARD IDENTIFIER
Standard number or code 031398140580
028 42 - PUBLISHER NUMBER
Publisher number 21682
035 ## - SYSTEM CONTROL NUMBER
System control number (Sirsi) i9780788827006
040 ## - CATALOGING SOURCE
Original cataloging agency LVL
Transcribing agency LVL
Modifying agency UV$
-- LEO
-- EMU
-- ONU
-- GZQ
Description conventions rda
041 1# - LANGUAGE CODE
Language code of text/sound track or separate title engfre
Language code of summary or abstract/overprinted title or subtitle engspa
043 ## - GEOGRAPHIC AREA CODE
Geographic area code e-fr---
049 ## - LOCAL HOLDINGS (OCLC)
Holding library GZQR
050 14 - LIBRARY OF CONGRESS CALL NUMBER
Classification number PN1997
Item number .C56 2011
082 ## - DEWEY DECIMAL CLASSIFICATION NUMBER
Classification number 791.437
090 ## - LOCALLY ASSIGNED LC-TYPE CALL NUMBER (OCLC); LOCAL CALL NUMBER (OCLC)
Classification number (OCLC) (R) ; Classification number, CALL (RLIN) (NR) PN1997
Local cutter number (OCLC) ; Book number/undivided call number, CALL (RLIN) .C466 2000
092 ## - LOCALLY ASSIGNED DEWEY CALL NUMBER (OCLC)
Classification number 791.437
130 0# - MAIN ENTRY--UNIFORM TITLE
Uniform title Chocolat (Motion picture)
9 (RLIN) 6109957
245 10 - TITLE STATEMENT
Title Chocolat
Medium [videorecording] /
250 ## - EDITION STATEMENT
Edition statement High definition.
260 ## - PUBLICATION, DISTRIBUTION, ETC. (IMPRINT)
Place of publication, distribution, etc [United States] :
Name of publisher, distributor, etc Miramax Home Entertainment :
-- Distributed by Buena Vista Home Entertainment,
Date of publication, distribution, etc [2001], c2000.
264 ## - Production, Publication, Distribution, Manufacture, and Copyright Notice.
Place of production, publication, distribution, manufacture [United States] :
Name of producer, publisher, distributor, manufacturer Miramax Home Entertainment :
Date of production, publication, distribution, manufacture, or copyr [2001], c2000.
300 ## - PHYSICAL DESCRIPTION
Extent 1 videodisc (122 min.) :
Other physical details sd., col. ;
Dimensions 4 3/4 in.
440 #0 - SERIES STATEMENT/ADDED ENTRY--TITLE
Title Miramax collector's series
9 (RLIN) 58985
500 ## - GENERAL NOTE
General note Widescreen format.
500 ## - GENERAL NOTE
General note Origially released as a motion picture in 2000.
500 ## - GENERAL NOTE
General note Based on the novel by Joanne Harris.
500 ## - GENERAL NOTE
General note Special features: The making of Chocolat featurette ; commentary with director Lasse Hallstrom and producers David Brown, Kit Golden and Leslie Holleran ; the costumes of Chocolat ; production design featurette ; deleted scenes.
508 ## - CREATION/PRODUCTION CREDITS NOTE
Creation/production credits note Director of photography, Roger Pratt ; editor, Andrew Mondshein ; music, Rachel Portman ; costume designer, Renee Ehrlich Kalfus ; production designer, David Gropman.
511 1# - PARTICIPANT OR PERFORMER NOTE
Participant or performer note Juliette Binoche, Judi Dench, Alfred Molina, Lena Olin, Johnny Depp.
520 ## - SUMMARY, ETC.
Summary, etc When a single mother and her young daughter move to rural France and open a chocolate shop - with Sunday hours - across the street from the local church, they are met with some resistance from the rigidly moral community. But as soon as the townspeople discover their delicious products, their attitudes begin to change.
521 8# - TARGET AUDIENCE NOTE
Target audience note MPAA rating: PG-13.
538 ## - SYSTEM DETAILS NOTE
System details note DVD, Dolby Digital.
546 ## - LANGUAGE NOTE
Language note English or French language soundtrack with optional Spanish subtitles; closed-captioned in English for the hearing impaired.
610 20 - SUBJECT ADDED ENTRY--CORPORATE NAME
Corporate name or jurisdiction name as entry element Catholic Church
Geographic subdivision France
Form subdivision Drama.
9 (RLIN) 5972813
650 #0 - SUBJECT ADDED ENTRY--TOPICAL TERM
Topical term or geographic name as entry element Single mothers
Geographic subdivision France
Form subdivision Drama.
9 (RLIN) 6500832
650 #0 - SUBJECT ADDED ENTRY--TOPICAL TERM
Topical term or geographic name as entry element Chocolate
Geographic subdivision France
Form subdivision Drama.
9 (RLIN) 6500833
650 #0 - SUBJECT ADDED ENTRY--TOPICAL TERM
Topical term or geographic name as entry element Lent
Geographic subdivision France
Form subdivision Drama.
9 (RLIN) 6500834
650 #0 - SUBJECT ADDED ENTRY--TOPICAL TERM
Topical term or geographic name as entry element Cities and towns
Geographic subdivision France
Form subdivision Drama.
9 (RLIN) 6500835
650 #0 - SUBJECT ADDED ENTRY--TOPICAL TERM
Topical term or geographic name as entry element Video recordings.
9 (RLIN) 6109963
655 #0 - INDEX TERM--GENRE/FORM
Genre/form data or focus term Feature films.
9 (RLIN) 6109962
655 #7 - INDEX TERM--GENRE/FORM
Genre/form data or focus term Video recordings for the hearing impaired.
Source of term lcgft
9 (RLIN) 5972819
655 #7 - INDEX TERM--GENRE/FORM
Genre/form data or focus term Romantic comedy films.
Source of term lcgft
9 (RLIN) 5696851
700 1# - ADDED ENTRY--PERSONAL NAME
Personal name Hallström, Lasse.
9 (RLIN) 60988
700 1# - ADDED ENTRY--PERSONAL NAME
Personal name Brown, David,
Dates associated with a name 1916-
9 (RLIN) 26637
700 1# - ADDED ENTRY--PERSONAL NAME
Personal name Golden, Kit.
9 (RLIN) 67199
700 1# - ADDED ENTRY--PERSONAL NAME
Personal name Holleran, Leslie.
9 (RLIN) 67201
700 1# - ADDED ENTRY--PERSONAL NAME
Personal name Jacobs, Robert Nelson.
9 (RLIN) 76902
700 1# - ADDED ENTRY--PERSONAL NAME
Personal name Binoche, Juliette,
Dates associated with a name 1964-
9 (RLIN) 62223
700 1# - ADDED ENTRY--PERSONAL NAME
Personal name Dench, Judi,
Dates associated with a name 1934-
9 (RLIN) 29157
700 1# - ADDED ENTRY--PERSONAL NAME
Personal name Molina, Alfred,
Dates associated with a name 1953-
9 (RLIN) 38362
700 1# - ADDED ENTRY--PERSONAL NAME
Personal name Olin, Lena.
9 (RLIN) 62173
700 1# - ADDED ENTRY--PERSONAL NAME
Personal name Depp, Johnny.
9 (RLIN) 6109964
700 1# - ADDED ENTRY--PERSONAL NAME
Personal name Harris, Joanne,
Dates associated with a name 1964-
Title of a work Chocolat.
9 (RLIN) 6109965
700 1# - ADDED ENTRY--PERSONAL NAME
Personal name Hallström, Lasse.
9 (RLIN) 60988
710 2# - ADDED ENTRY--CORPORATE NAME
Corporate name or jurisdiction name as entry element Miramax Home Entertainment (Firm)
9 (RLIN) 76097
710 2# - ADDED ENTRY--CORPORATE NAME
Corporate name or jurisdiction name as entry element Buena Vista Home Entertainment (Firm)
9 (RLIN) 64615
910 ## - USER-OPTION DATA (OCLC)
User-option data lkw
942 ## - ADDED ENTRY ELEMENTS (KOHA)
Koha item type DVD
Source of classification or shelving scheme Dewey Decimal Classification
Holdings
Withdrawn status Lost status Source of classification or shelving scheme Materials specified (bound volume or other part) Damaged status Not for loan Collection code Home library Current library Shelving location Date acquired Source of acquisition Total Checkouts Total Renewals Full call number Barcode Date last seen Date checked out Cost, replacement price Price effective from Koha item type
    Dewey Decimal Classification 1 blu-ray, 1 dvd     Movies Wasatch County Library Wasatch County Library Audio Visual Area 05/23/2011 Donation 76 7 Movie Chocolat 34301001003229 10/03/2025 11/25/2023 30.00 03/20/2020 Blu-ray/DVD
This project was made possible through a grant from the Institute of Museum and Library Service administered by the Utah State Library Division.

Wasatch County Library

  • 465 East 1200 South, Heber City, Utah 84032
  • Phone 435-654-1511 | Fax 435-654-6456

Hours

  • Monday - Friday 9:30 AM - 8:00 PM
  • Saturday 9:30 AM - 1:30 PM
  • Closed Sundays and Holidays